<?xml version="1.0" encoding="UTF-8"?>
<record
    xmlns:xsi="http://www.w3.org/2001/XMLSchema-instance"
    xsi:schemaLocation="http://www.loc.gov/MARC21/slim http://www.loc.gov/standards/marcxml/schema/MARC21slim.xsd"
    xmlns="http://www.loc.gov/MARC21/slim">

  <leader>01395nam a22002537a 4500</leader>
  <controlfield tag="001">000689</controlfield>
  <controlfield tag="003">DO-SdBNP</controlfield>
  <controlfield tag="005">20160919141118.0</controlfield>
  <controlfield tag="007">000689</controlfield>
  <controlfield tag="008">151217b   1992 xxu     ac    00| 0 spa d</controlfield>
  <datafield tag="040" ind1=" " ind2=" ">
    <subfield code="a">BPMSU</subfield>
    <subfield code="b">spa</subfield>
    <subfield code="c">BPMSU</subfield>
  </datafield>
  <datafield tag="092" ind1=" " ind2=" ">
    <subfield code="a">xxxxx</subfield>
    <subfield code="b">xxxxx</subfield>
  </datafield>
  <datafield tag="100" ind1="1" ind2=" ">
    <subfield code="a">Knight, Juan F.</subfield>
    <subfield code="c">Dr.</subfield>
  </datafield>
  <datafield tag="240" ind1="1" ind2="0">
    <subfield code="a">So you&#xB4;re a teenager /</subfield>
  </datafield>
  <datafield tag="245" ind1="1" ind2="3">
    <subfield code="a">El joven moderno y el sexo /</subfield>
    <subfield code="c">Juan F. Knight ; traducci&#xF3;n Sergio V. Collins </subfield>
  </datafield>
  <datafield tag="250" ind1=" " ind2=" ">
    <subfield code="a">2a. ed.</subfield>
  </datafield>
  <datafield tag="260" ind1=" " ind2=" ">
    <subfield code="a">Miami Florida, Estados Unidos : </subfield>
    <subfield code="b">Asociaci&#xF3;n publicadora interamericana, </subfield>
    <subfield code="c">1992.</subfield>
  </datafield>
  <datafield tag="300" ind1=" " ind2=" ">
    <subfield code="a">188 p. : </subfield>
    <subfield code="b">il., retrs. ; </subfield>
    <subfield code="c">24 cm. </subfield>
  </datafield>
  <datafield tag="505" ind1="0" ind2=" ">
    <subfield code="t">El sexo, parte de la vida --</subfield>
    <subfield code="t">Hechos curiosos acerca de los varones --</subfield>
    <subfield code="t">Un proceso de producci&#xF3;n constante --</subfield>
    <subfield code="t">Cuando se activan las hormonas --</subfield>
    <subfield code="t">La anatom&#xED;a femenina --</subfield>
    <subfield code="t">Maravillas del sexo femenino --</subfield>
    <subfield code="t">El placer de salir juntos --</subfield>
    <subfield code="t">El matrimonio: un plan no superado --</subfield>
    <subfield code="t">C&#xF3;mo prepararse para alcanzar el &#xE9;xito --</subfield>
    <subfield code="t">Un m&#xE9;todo seguro para estudiar con provecho --</subfield>
    <subfield code="t">Respuestas positivas a los problemas juveniles --</subfield>
    <subfield code="t">El aumento de las enfermedades sexuales --</subfield>
    <subfield code="t">El sexo artificial --</subfield>
    <subfield code="t">El sida --</subfield>
    <subfield code="t">&#xA1;Cuidado, no juegue con fuego! --</subfield>
    <subfield code="t">C&#xF3;mo evitar la ruina de los j&#xF3;venes --</subfield>
    <subfield code="t">Venza la depresi&#xF3;n y las emociones negativas --</subfield>
    <subfield code="t">Recomendaciones finales --</subfield>
  </datafield>
  <datafield tag="700" ind1="1" ind2="2">
    <subfield code="a">Collins, Sergio V.</subfield>
    <subfield code="e">tr.</subfield>
  </datafield>
  <datafield tag="910" ind1=" " ind2=" ">
    <subfield code="a">00260</subfield>
  </datafield>
  <datafield tag="942" ind1=" " ind2=" ">
    <subfield code="2">ddc</subfield>
    <subfield code="c">BK</subfield>
  </datafield>
  <datafield tag="952" ind1=" " ind2=" ">
    <subfield code="0">0</subfield>
    <subfield code="1">0</subfield>
    <subfield code="2">ddc</subfield>
    <subfield code="4">0</subfield>
    <subfield code="7">0</subfield>
    <subfield code="8">GEN</subfield>
    <subfield code="a">BPMET</subfield>
    <subfield code="b">BPMET</subfield>
    <subfield code="d">2016-09-19</subfield>
    <subfield code="e">Sin sellar</subfield>
    <subfield code="l">0</subfield>
    <subfield code="p">BPMSU16090411</subfield>
    <subfield code="r">2016-09-19</subfield>
    <subfield code="w">2016-09-19</subfield>
    <subfield code="y">BK</subfield>
  </datafield>
  <datafield tag="956" ind1=" " ind2=" ">
    <subfield code="a">Yngrid Lockward</subfield>
    <subfield code="b">10</subfield>
  </datafield>
  <datafield tag="999" ind1=" " ind2=" ">
    <subfield code="c">11451</subfield>
    <subfield code="d">11451</subfield>
  </datafield>
</record>
